| 000 | 00393nam a2200145Ia 4500 | ||
|---|---|---|---|
| 008 | 230917s9999||||xx |||||||||||||| ||und|| | ||
| 040 |
_e167164 _aMAIN |
||
| 041 | _aEnglish | ||
| 082 | _a327.54059 | ||
| 100 | _aJha, Ganganath | ||
| 245 | 0 | _aIndia and Southeast Asia: Introspection for future partnership | |
| 260 |
_aNew Delhi _bAnamika Publishers _c2010 |
||
| 300 | _a367 p. | ||
| 942 | _cBK | ||
| 999 |
_c150814 _d150814 |
||